• 首页
  • 本馆介绍
  • 公告通知
  • 最新文献
  • 馆藏检索
  • 电子资源
  • 读者导购
  • 参考咨询
  • 我的图书馆
  • 登录
  • 详细信息显示
  • 放入我的书架
  • 预约/预借图书
  • 作者相关作品
  • 分类相关作品
  • 丛书相关作品
  • 出版社相关作品

书目信息

  • 表格格式
  • 工作单格式
  • 卡片格式
题名:
液态奶
    
 
作者: 郭本恒 主编
分册:  
出版信息: 北京   化学工业出版社  2004
页数: 454页
开本: 26cm
丛书名: 现代乳品加工技术丛书
单 册:
中图分类: TS252.41
科图分类:
主题词: 鲜乳--食品加工 , 鲜乳 , 食品加工
电子资源:
ISBN: 7-5025-4823-8
000 00894oam2 2200277 450
001 012007287742
005 20070522164440.82
010    @a7-5025-4823-8@dCNY66.00
100    @a20070515d2004 km y0chiy0120 ea
101 0  @achi
102    @aCN@b110000
105    @ay z 000yy
106    @ar
200 1  @a液态奶@Aye tai nai@f郭本恒主编@Fguo ben heng zhu bian
210    @a北京@c化学工业出版社@d2004
215    @a454页@d26cm
225 2  @a现代乳品加工技术丛书
330    @a本书对液态奶的产品发展、生产原理、加工技术、质量控制、生产设备、工厂管理等进行详细介绍,并通过理论阐述、产品的质量控制和HACCP分析,介绍产品加工的重点与难点。
461  0 @12001 @a现代乳品加工技术丛书
606 0  @a鲜乳@x食品加工
606 0  @a鲜乳
606 0  @a食品加工
690    @aTS252.41@v4
701  0 @a郭本恒@Aguo ben heng@c(乳品工业)@4主编
801  0 @aCN@bRULIN@c20070522
905    @dTS252.41@e80@s10
    
    液态奶/郭本恒主编.-北京:化学工业出版社,2004
    454页;26cm.-(现代乳品加工技术丛书)
    
    
    ISBN 7-5025-4823-8:CNY66.00
    本书对液态奶的产品发展、生产原理、加工技术、质量控制、生产设备、工厂管理等进行详细介绍,并通过理论阐述、产品的质量控制和HACCP分析,介绍产品加工的重点与难点。
●
相关链接 在E读中查询图书 在五车中查询图书 在当当中查询图书 在豆瓣中查询图书


正题名:液态奶     索取号:TS252.41/80         预约/预借

序号 登录号 条形码 馆藏地/架位号 状态 备注
1 0579309   205793097   第二样本阅览室/ [索取号:TS252.41/80] 在馆    
2 0579310   205793104   第三借阅区/ [索取号:TS252.41/80] 在馆    
3 0579311   205793113   第三借阅区/ [索取号:TS252.41/80] 在馆    
4 0579312   205793122   第三借阅区/ [索取号:TS252.41/80] 在馆    
5 0579313   205793131   第三借阅区/ [索取号:TS252.41/80] 在馆    
6 0579314   205793140   第三借阅区/ [索取号:TS252.41/80] 在馆    
7 0579315   205793159   第三借阅区/ [索取号:TS252.41/80] 在馆    
8 0579316   205793168   第三借阅区/ [索取号:TS252.41/80] 在馆    
9 0579317   205793177   第三借阅区/ [索取号:TS252.41/80] 在馆    
10 0579318   205793186   第三借阅区/ [索取号:TS252.41/80] 在馆    
唐山师范学院图书馆 欢迎您!
大连网信软件有限公司© 版权所有